000
00294nam a2200085Ia 4500
245
0
_a
Africa rising : how 900 million African consumers offer more than you think
100
_a
MAHAJAN, Vijay Upper Saddle River, NJ, 2009
_9
79116
942
_c
BK
008
210817s9999 xx 000 0 und d
999
_c
274886
_d
274885